Satu kajian kebiasaan belajar di kalangan pelajar dalam Tingkatan Empat di sebuah sekolah menengah kebangsaan /
Saved in:
| 主要作者: | |
|---|---|
| 格式: | Thesis 图书 |
| 语言: | Malay |
| 出版: |
1988.
|
| 主题: | |
| 标签: |
添加标签
没有标签, 成为第一个标记此记录!
|
| LEADER | 01146cam a2200289 4500 | ||
|---|---|---|---|
| 001 | u83246 | ||
| 003 | SIRSI | ||
| 008 | 890622s1988 my t 00 1 may m | ||
| 015 | |a X880084678 | ||
| 035 | |a AAJ-0563 | ||
| 040 | |a UMM | ||
| 043 | |a a-my--- | ||
| 090 | |a LB1049 |b Aziaam | ||
| 091 | |a Microfiche 10677 | ||
| 100 | 0 | 0 | |a Azimah Ambrose Abdul Molok. |
| 245 | 1 | 0 | |a Satu kajian kebiasaan belajar di kalangan pelajar dalam Tingkatan Empat di sebuah sekolah menengah kebangsaan / |c Azimah Ambrose Abdul Molok. |
| 260 | |c 1988. | ||
| 300 | |a xiv, 140 leaves ; |c 29 cm. | ||
| 500 | |a Also available on microfiche. Kuala Lumpur : Perpustakaan Universiti Malaya, 1996. 2 fiches : negative ; 11x15cm. | ||
| 502 | |a Dissertation (M.Ed.) -- Fakulti Pendidikan, Universiti Malaya, 1988. | ||
| 504 | |a Bibliography: leaves 130-131. | ||
| 650 | 0 | |a Study skills. | |
| 710 | 2 | 1 | |a Universiti Malaya. |b Fakulti Pendidikan. |
| 948 | |a 17/03/1991 |b 29/07/2002 | ||
| 596 | |a 1 8 | ||
| 999 | |a LB1049 AZIAAM |w LC |c 1 |i A010552217 |d 10/4/2001 |l STACKS |m P01UTAMA |n 11 |r Y |s Y |t TESIS |u 4/1/1993 | ||
| 999 | |a LB1049 AZIAAM |w LC |c 1 |i A506698293 |l MISSING |m P08PENDIDI |r Y |s Y |t TESIS |u 6/10/1997 | ||
